[Event "Summer Prague Open A 2020"]
[Site "Prague"]
[Date "2020.08.09"]
[Round "3.15"]
[White "Pronk, Sven"]
[Black "Kasioumis, Vasilios"]
[Result "0-1"]
[WhiteElo "2062"]
[BlackElo "2277"]
[Annotator "ChessBase"]
[PlyCount "66"]
[EventDate "2020.08.08"]
[EventCountry "CZE"]
[SourceTitle "playchess.com"]
[Source "ChessBase"]
[SourceQuality "1"]
[TimeControl "40/5400+30:1800+30"]

1. d4 {[%emt 0:00:00]} Nf6 {[%emt 0:00:00]} 2. Bg5 {[%emt 0:00:00]} d5 {[%emt 0:00:00]} 3. e3 {[%emt 0:00:19]} c5 {[%emt 0:00:00]} 4. Bxf6 {[%emt 0:00:39]} gxf6 {[%emt 0:00:00]} 5. dxc5 {[%emt 0:00:08]} e6 {[%emt 0:00:01]} 6. c4 {[%emt 0:00:11]} dxc4 {[%emt 0:00:35]} 7. Nd2 {[%emt 0:00:27]} c3 {[%emt 0:05:32]} 8. bxc3 {[%emt 0:02:16]} Bxc5 {[%emt 0:00:14]} 9. Ngf3 {[%emt 0:02:52]} Nc6 {[%emt 0:06:27]} 10. Bb5 {[%emt 0:09:38]} a6 {[%emt 0:07:50]} 11. Bc4 Be7 {[%emt 0:11:09]} 12. Qe2 {[%emt 0:14:43]} Bd7 {[%emt 0:01:43]} 13. Nb3 {[%emt 0:08:25]} Rc8 {[%emt 0:06:56]} 14. O-O {[%emt 0:02:55]} Na5 {[%emt 0:00:03]} 15. Nxa5 {[%emt 0:05:34]} Qxa5 {[%emt 0:01:48]} 16. Rfd1 {[%emt 0:04:32]} b5 {[%emt 0:02:00]} 17. Bb3 Rxc3 18. Nd4 {[%emt 0:01:10]} Qc7 {[%emt 0:03:53]} 19. Qg4 {[%emt 0:11:28]} Kf8 {[%emt 0:08:42]} 20. Qh5 {[%emt 0:02:32]} h6 {[%emt 0:00:37]} 21. Ne2 {[%emt 0:07:49]} Rc5 {[%emt 0:00:48]} 22. Rac1 {[%emt 0:00:06]} Be8 {[%emt 0:13:23]} 23. Rxc5 {[%emt 0:07:06]} Qxc5 {[%emt 0:00:13]} 24. Qxc5 {[%emt 0:00:48]} Bxc5 {[%emt 0:00:06]} 25. Rd8 {[%emt 0:00:41]} a5 {[%emt 0:03:36]} 26. Nf4 {[%emt 0:04:06]} Ke7 {[%emt 0:01:04]} 27. Rc8 {[%emt 0:03:40]} Bd6 {[%emt 0:00:56]} 28. a4 {[%emt 0:09:27]} bxa4 {[%emt 0:04:22]} 29. Bxa4 {[%emt 0:00:06]} Rf8 {[%emt 0:00:07]} 30. Bxe8 {[%emt 0:02:23]} Rxe8 {[%emt 0:00:15]} 31. Rc4 {[%emt 0:00:26]} Bxf4 {[%emt 0:01:56]} 32. exf4 {[%emt 0:00:40]} Ra8 {[%emt 0:01:28]} 33. Rc7+ {[%emt 0:00:38]} Kd6 {[%emt 0:00:33]} 0-1

[Event "Summer Prague Open A 2020"]
[Site "Prague"]
[Date "2020.08.09"]
[Round "3.16"]
[White "Svanda, Ondrej"]
[Black "Nehyba, Martin"]
[Result "1-0"]
[WhiteElo "2238"]
[BlackElo "2060"]
[Annotator "ChessBase"]
[PlyCount "89"]
[EventDate "2020.08.08"]
[EventCountry "CZE"]
[SourceTitle "playchess.com"]
[Source "ChessBase"]
[SourceQuality "1"]
[TimeControl "40/5400+30:1800+30"]

1. c4 {[%emt 0:00:00]} e5 {[%emt 0:00:44]} 2. g3 {[%emt 0:00:00]} Nf6 {[%emt 0:00:06]} 3. Bg2 {[%emt 0:00:00]} d5 {[%emt 0:00:08]} 4. cxd5 {[%emt 0:02:13]} Nxd5 {[%emt 0:00:09]} 5. Nf3 {[%emt 0:00:03]} Nc6 {[%emt 0:00:30]} 6. d3 {[%emt 0:02:45]} Be7 {[%emt 0:00:33]} 7. O-O {[%emt 0:00:06]} O-O {[%emt 0:00:06]} 8. a3 {[%emt 0:01:36]} a5 9. Nc3 {[%emt 0:01:02]} Be6 {[%emt 0:04:02]} 10. Bd2 {[%emt 0:03:07]} Rb8 {[%emt 0:07:25]} 11. Rc1 {[%emt 0:00:35]} h6 {[%emt 0:01:59]} 12. Na4 {[%emt 0:01:41]} f6 {[%emt 0:24:19]} 13. Nc5 {[%emt 0:07:31]} Bxc5 {[%emt 0:00:08]} 14. Rxc5 {[%emt 0:00:07]} Qd6 {[%emt 0:00:18]} 15. Qc2 {[%emt 0:12:42]} Nde7 {[%emt 0:02:59]} 16. Rc1 {[%emt 0:04:30]} Rfc8 {[%emt 0:09:31]} 17. b4 {[%emt 0:17:20]} axb4 {[%emt 0:05:56]} 18. axb4 {[%emt 0:00:02]} Nd5 {[%emt 0:02:09]} 19. Qb1 {[%emt 0:10:18]} Nce7 {[%emt 0:04:51]} 20. e4 {[%emt 0:02:58]} Nb6 {[%emt 0:00:10]} 21. d4 {[%emt 0:00:02]} Nd7 {[%emt 0:01:35]} 22. d5 {[%emt 0:06:48]} Bg4 {[%emt 0:11:37]} 23. R5c3 {[%emt 0:06:22]} c6 {[%emt 0:00:41]} 24. dxc6 {[%emt 0:11:48]} Nxc6 {[%emt 0:02:51]} 25. Be3 {[%emt 0:04:14]} Nf8 {[%emt 0:01:27]} 26. h3 {[%emt 0:01:21]} Bxf3 {[%emt 0:05:53]} 27. Bxf3 {[%emt 0:00:01]} Rd8 {[%emt 0:00:01]} 28. Bc5 {[%emt 0:00:37]} Qe6 {[%emt 0:00:28]} 29. Bg4 {[%emt 0:00:45]} Qf7 {[%emt 0:00:17]} 30. b5 {[%emt 0:01:08]} Nd4 {[%emt 0:02:06]} 31. Bxd4 Rxd4 {[%emt 0:00:48]} 32. Rc7 {[%emt 0:00:26]} Qe8 {[%emt 0:01:20]} 33. Qb3+ {[%emt 0:00:34]} Kh8 {[%emt 0:00:17]} 34. Qf7 {[%emt 0:02:26]} Qxf7 {[%emt 0:04:23]} 35. Rxf7 {[%emt 0:00:01]} Nh7 {[%emt 0:01:57]} 36. Rcc7 {[%emt 0:00:50]} Rg8 {[%emt 0:00:23]} 37. Rfd7 {[%emt 0:00:44]} Ng5 {[%emt 0:04:21]} 38. Rxb7 {[%emt 0:01:06]} Nxe4 {[%emt 0:00:31]} 39. Rxd4 {[%emt 0:00:43]} exd4 {[%emt 0:00:05]} 40. Rd7 {[%emt 0:00:55]} Rb8 {[%emt 0:00:29]} 41. Bf5 {[%emt 0:05:58]} Nd2 {[%emt 0:01:59]} 42. b6 {[%emt 0:01:33]} Nf3+ {[%emt 0:05:24]} 43. Kg2 {[%emt 0:05:30]} Ne5 {[%emt 0:00:06]} 44. Rc7 {[%emt 0:00:03]} g6 {[%emt 0:04:47]} 45. b7 {[%emt 0:00:05]} 1-0

[Event "Summer Prague Open A 2020"]
[Site "Prague"]
[Date "2020.08.09"]
[Round "3.17"]
[White "Krivanek, Vladimir"]
[Black "Neuman, Petr"]
[Result "0-1"]
[WhiteElo "2210"]
[BlackElo "2376"]
[Annotator "ChessBase"]
[PlyCount "80"]
[EventDate "2020.08.08"]
[EventCountry "CZE"]
[SourceTitle "playchess.com"]
[Source "ChessBase"]
[SourceQuality "1"]
[TimeControl "40/5400+30:1800+30"]

1. Nc3 {[%emt 0:00:00]} d5 {[%emt 0:00:38]} 2. d4 {[%emt 0:00:00]} Nf6 {[%emt 0:00:20]} 3. Bg5 {[%emt 0:00:00]} c5 {[%emt 0:00:15]} 4. e3 {[%emt 0:00:19]} Nc6 {[%emt 0:00:34]} 5. Bxf6 {[%emt 0:02:41]} gxf6 {[%emt 0:01:24]} 6. Qh5 {[%emt 0:05:04]} e6 {[%emt 0:03:10]} 7. Nf3 {[%emt 0:03:53]} Bd7 {[%emt 0:00:58]} 8. Bd3 {[%emt 0:25:17]} Rc8 {[%emt 0:02:24]} 9. O-O {[%emt 0:01:27]} f5 {[%emt 0:04:43]} 10. Bb5 {[%emt 0:05:12]} Bg7 {[%emt 0:11:32]} 11. Ne2 {[%emt 0:07:41]} O-O {[%emt 0:02:22]} 12. Bxc6 {[%emt 0:01:48]} bxc6 {[%emt 0:03:48]} 13. c3 {[%emt 0:07:37]} Qb6 {[%emt 0:02:02]} 14. Rab1 {[%emt 0:02:52]} cxd4 {[%emt 0:01:11]} 15. exd4 {[%emt 0:01:54]} c5 {[%emt 0:00:12]} 16. Rfe1 {[%emt 0:02:01]} Qd6 {[%emt 0:01:59]} 17. Qh4 {[%emt 0:04:47]} f6 {[%emt 0:09:34]} 18. Nf4 {[%emt 0:02:04]} cxd4 {[%emt 0:05:15]} 19. cxd4 {[%emt 0:00:42]} e5 {[%emt 0:01:01]} 20. Nh5 {[%emt 0:00:59]} e4 {[%emt 0:00:50]} 21. Nxg7 {[%emt 0:05:30]} Kxg7 {[%emt 0:00:22]} 22. Nd2 {[%emt 0:00:16]} f4 {[%emt 0:02:29]} 23. Nb3 {[%emt 0:03:26]} Kh8 24. Nc5 {[%emt 0:02:31]} Bf5 {[%emt 0:12:35]} 25. Qh5 {[%emt 0:01:57]} Bg6 {[%emt 0:00:21]} 26. Qh3 {[%emt 0:00:57]} f5 {[%emt 0:03:32]} 27. b4 {[%emt 0:00:25]} Rg8 {[%emt 0:00:40]} 28. Rb3 {[%emt 0:02:13]} Qf6 {[%emt 0:02:27]} 29. Rd1 {[%emt 0:01:19]} Rc7 {[%emt 0:07:07]} 30. Qh6 {[%emt 0:02:54]} f3 {[%emt 0:01:13]} 31. Ra3 {[%emt 0:02:58]} f4 {[%emt 0:00:09]} 32. g3 {[%emt 0:01:25]} e3 {[%emt 0:00:48]} 33. Ra6 {[%emt 0:01:17]} e2 {[%emt 0:02:45]} 34. Re1 {[%emt 0:00:27]} Qxd4 {[%emt 0:00:33]} 35. Rxg6 {[%emt 0:03:05]} Rxg6 {[%emt 0:00:25]} 36. Qf8+ {[%emt 0:00:25]} Rg8 {[%emt 0:00:17]} 37. Qf5 {[%emt 0:00:34]} fxg3 {[%emt 0:01:04]} 38. hxg3 {[%emt 0:00:28]} Rxg3+ {[%emt 0:00:16]} 39. Kh2 {[%emt 0:00:08]} Qh4+ {[%emt 0:00:06]} 40. Qh3 {[%emt 0:00:09]} Qxh3# {[%emt 0:00:07]} 0-1

[Event "Summer Prague Open A 2020"]
[Site "Prague"]
[Date "2020.08.09"]
[Round "3.18"]
[White "Vokac, Marek"]
[Black "Kratochvil, Vit"]
[Result "1-0"]
[WhiteElo "2362"]
[BlackElo "2205"]
[Annotator "ChessBase"]
[PlyCount "61"]
[EventDate "2020.08.08"]
[EventCountry "CZE"]
[SourceTitle "playchess.com"]
[Source "ChessBase"]
[SourceQuality "1"]
[TimeControl "40/5400+30:1800+30"]

1. Nf3 c5 2. b3 d6 3. c4 Nf6 4. Nc3 b6 5. g3 Bb7 6. Bg2 Nbd7 7. O-O e6 8. e3 a6 9. Qe2 Qc7 10. Bb2 Be7 11. Rfd1 O-O 12. Rac1 Rac8 13. d4 Rfe8 14. d5 exd5 15. Nxd5 Nxd5 16. cxd5 Qd8 17. Nd2 b5 18. a4 bxa4 19. bxa4 Rb8 20. Rb1 Nf6 21. Nc4 Ba8 22. e4 Rb4 23. a5 Rb5 24. Qc2 Nd7 25. Bc3 Qc7 26. f4 Bf6 27. Bxf6 Nxf6 28. e5 Rxb1 29. Qxb1 dxe5 30. fxe5 Nd7 31. Re1 1-0

[Event "Summer Prague Open A 2020"]
[Site "Prague"]
[Date "2020.08.09"]
[Round "3.19"]
[White "Sorm, Daniel"]
[Black "Wedda, Dries"]
[Result "0-1"]
[WhiteElo "2342"]
[BlackElo "2172"]
[Annotator "ChessBase"]
[PlyCount "126"]
[EventDate "2020.08.08"]
[EventCountry "CZE"]
[SourceTitle "playchess.com"]
[Source "ChessBase"]
[SourceQuality "1"]
[TimeControl "40/5400+30:1800+30"]

1. d4 Nf6 2. c4 e6 3. Nc3 Bb4 4. e3 O-O 5. Bd3 d5 6. cxd5 exd5 7. Nge2 Re8 8. O-O Bd6 9. a3 b6 10. b4 Ba6 11. b5 Bb7 12. a4 a6 13. Rb1 Nbd7 14. f3 axb5 15. axb5 Re6 16. Qe1 Nf8 17. Qf2 Qe8 18. g4 h6 19. Kh1 N8h7 20. h4 g6 21. Rg1 Kg7 22. g5 hxg5 23. hxg5 Nd7 24. Nf4 Bxf4 25. exf4 Qe7 26. f5 gxf5 27. Bxf5 Rh8 28. Kg2 Nhf8 29. Bd2 Ng6 30. Rh1 Rxh1 31. Rxh1 Ndf8 32. Bxe6 Qxe6 33. Ne2 Bc8 34. Nf4 Qf5 35. Nh5+ Kg8 36. Nf6+ Kg7 37. Ne8+ Kg8 38. Nf6+ Kg7 39. Qe3 Bd7 40. Nh5+ Kg8 41. Nf6+ Kg7 42. Qb3 Ne7 43. Kf2 Neg6 44. Nh5+ Kg8 45. Nf6+ Kg7 46. Qb2 Qd3 47. Nh5+ Kg8 48. Nf6+ Kg7 49. Nxd7 Nxd7 50. Qc3 Qxb5 51. Qxc7 Ndf8 52. Qc2 Qd7 53. f4 Qg4 54. f5 Nh4 55. f6+ Kg8 56. Rh2 Qf3+ 57. Kg1 Qg3+ 58. Kh1 Nf3 59. Be3 Qe1+ 60. Kg2 Qxe3 61. Qb2 Nxh2 62. Kxh2 Qf4+ 63. Kh1 Qh4+ 0-1

[Event "Summer Prague Open A 2020"]
[Site "Prague"]
[Date "2020.08.10"]
[Round "4.1"]
[White "Cap, Adam"]
[Black "Christiansen, Johan-Sebastian"]
[Result "0-1"]
[WhiteElo "2278"]
[BlackElo "2612"]
[Annotator "TA"]
[PlyCount "104"]
[EventDate "2020.08.08"]
[EventCountry "CZE"]
[SourceTitle "playchess.com"]
[Source "ChessBase"]
[SourceQuality "1"]

{[%evp 10,104,38,35,33,23,23,29,24,0,33,31,27,35,34,19,33,15,45,43,50,31,60,-16,-1,-16,7,8,22,0,49,-17,0,-7,-16,-12,-14,-13,-12,-9,-9,-12,-4,-11,-15,-13,-9,-13,-4,-17,0,0,0,-19,-11,-23,-23,-63,-60,-54,-55,-55,-61,-56,-31,-54,-45,-45,-33,-90,-27,-61,-38,-43,-2,-6,0,0,0,0,0,0,0,-133,-110,-87,-88,-88,-113,-283,-283,-377,-29,-29992,-29992,-29992,-29993]} 1. e4 e5 2. Nf3 Nc6 3. Bc4 Nf6 4. d3 h6 5. O-O d6 6. a4 g5 {C55: Two Knights: 4 d3, 4 d4 exd4 5 e5 and Max Lange Attack.} 7. Nc3 Bg7 8. a5 a6 {[#] White has an edge.} 9. Nd2 $146 ({Predecessor:} 9. Nd5 O-O 10. Ne3 Ne7 11. h4 g4 12. Nh2 h5 13. g3 c6 14. f3 d5 15. Bb3 gxf3 16. Qxf3 dxe4 17. dxe4 {1-0 (33) Svidler,P (2737)-Matlakov,M (2700) St Petersburg 2018}) 9... Ne7 10. Re1 O-O 11. Nf1 Bg4 12. f3 Be6 13. Ne3 c6 {Hoping for ...d5.} 14. Bxe6 fxe6 15. Nc4 Ng6 16. d4 (16. Na4 $14) 16... exd4 $11 17. Qxd4 d5 18. exd5 exd5 19. Qd3 $1 {Threatening Nb6.} Kf7 20. Qf5 (20. Nb6 $14 Rb8 21. Nca4) 20... Qd7 21. Qxg6+ {[%mdl 64] Remove Defender, Decoy} Kxg6 22. Ne5+ {[%mdl 64] Double Attack} Kh7 23. Nxd7 Nxd7 24. Re7 Rad8 25. Bd2 Rfe8 26. Rae1 Rxe7 27. Rxe7 Kg6 28. Na4 Bf6 29. Re2 Ne5 30. b3 d4 31. Re1 Rd5 32. Kf1 Rb5 33. Nb2 {[#]} d3 $1 $36 {[%mdl 2560] Black has the initiative.} 34. Nxd3 Nxd3 35. cxd3 Rxb3 $15 {[%mdl 4096] Endgame KRB-KRB} 36. Ke2 Rb5 37. Rc1 Bd8 38. Ra1 Rb2 39. Ra4 ({White should play} 39. Kd1 $15) 39... Kf5 (39... Bc7 $17 {Threatens to win with ...Bf4.} 40. g3 h5) 40. g3 Ke6 41. Ke3 c5 42. d4 b5 43. axb6 $1 cxd4+ 44. Kd3 Bxb6 45. Rxa6 {Black must now prevent Ba5.} Kd5 46. Ba5 (46. Ra3 $11) 46... Bc5 $17 {Strongly threatening ...Ra2.} 47. Rxh6 Rb3+ 48. Kc2 Rxf3 49. Rg6 $2 (49. Rh8 $17) 49... Kc4 $19 50. Rxg5 {[#]} d3+ $2 (50... Ra3 $1 $19 51. Be1 Ra1 52. Rxc5+ Kxc5) 51. Kb1 $2 {[%mdl 8192]} (51. Kd1 $11) 51... Rf1+ 52. Ka2 Bd4 {Accuracy: White = 66%, Black = 73%.} 0-1

[Event "Summer Prague Open A 2020"]
[Site "Prague"]
[Date "2020.08.10"]
[Round "4.2"]
[White "Plat, Vojtech"]
[Black "Slampa, Jan"]
[Result "1-0"]
[WhiteElo "2562"]
[BlackElo "2264"]
[Annotator "ChessBase"]
[PlyCount "177"]
[EventDate "2020.08.08"]
[EventCountry "CZE"]
[SourceTitle "playchess.com"]
[Source "ChessBase"]
[SourceQuality "1"]
[TimeControl "40/5400+30:1800+30"]

1. e4 {[%emt 0:00:00]} c6 {[%emt 0:00:00]} 2. Nf3 {[%emt 0:00:00]} d5 {[%emt 0:00:07]} 3. d3 {[%emt 0:00:00]} Bg4 {[%emt 0:11:18]} 4. h3 {[%emt 0:04:49]} Bxf3 {[%emt 0:00:53]} 5. Qxf3 {[%emt 0:00:04]} e6 {[%emt 0:00:52]} 6. Nd2 {[%emt 0:00:05]} Nd7 {[%emt 0:01:23]} 7. g3 {[%emt 0:00:07]} Ngf6 {[%emt 0:03:54]} 8. Qe2 {[%emt 0:00:16]} dxe4 {[%emt 0:02:57]} 9. dxe4 {[%emt 0:00:17]} Qc7 {[%emt 0:02:00]} 10. Bg2 {[%emt 0:00:22]} Bc5 {[%emt 0:01:47]} 11. a4 {[%emt 0:05:11]} a6 {[%emt 0:04:56]} 12. Nc4 {[%emt 0:04:16]} e5 {[%emt 0:06:45]} 13. O-O {[%emt 0:00:48]} O-O {[%emt 0:02:07]} 14. a5 {[%emt 0:00:17]} Rfe8 {[%emt 0:03:15]} 15. c3 {[%emt 0:01:25]} Rad8 {[%emt 0:06:43]} 16. Rd1 {[%emt 0:02:26]} Nf8 {[%emt 0:03:23]} 17. Bg5 {[%emt 0:03:51]} Qe7 {[%emt 0:02:14]} 18. b4 {[%emt 0:04:18]} Ba7 {[%emt 0:00:55]} 19. Be3 {[%emt 0:00:06]} Bxe3 {[%emt 0:00:46]} 20. Qxe3 {[%emt 0:00:02]} h5 {[%emt 0:03:15]} 21. h4 {[%emt 0:01:55]} Qe6 {[%emt 0:02:05]} 22. Qe2 {[%emt 0:04:20]} N8h7 {[%emt 0:04:43]} 23. Ne3 {[%emt 0:00:35]} g6 {[%emt 0:06:04]} 24. Qc4 {[%emt 0:03:30]} Qe7 {[%emt 0:01:02]} 25. Bf3 {[%emt 0:03:13]} Nf8 {[%emt 0:02:16]} 26. Kg2 {[%emt 0:02:03]} Ne6 {[%emt 0:00:22]} 27. Qe2 {[%emt 0:00:06]} Nc7 {[%emt 0:00:49]} 28. Nc4 {[%emt 0:04:16]} Nb5 {[%emt 0:00:53]} 29. Qe3 {[%emt 0:00:04]} Qe6 {[%emt 0:03:48]} 30. Be2 {[%emt 0:01:02]} Kg7 {[%emt 0:00:59]} 31. f3 {[%emt 0:01:16]} Nh7 {[%emt 0:04:25]} 32. Rd2 {[%emt 0:02:34]} Rxd2 {[%emt 0:03:11]} 33. Qxd2 {[%emt 0:02:15]} c5 {[%emt 0:00:10]} 34. bxc5 {[%emt 0:00:27]} Rc8 {[%emt 0:00:14]} 35. Nd6 {[%emt 0:00:25]} Rxc5 {[%emt 0:01:30]} 36. Bxb5 {[%emt 0:01:29]} axb5 {[%emt 0:00:48]} 37. Nxb7 {[%emt 0:00:10]} Rc7 {[%emt 0:00:15]} 38. a6 {[%emt 0:00:13]} Rd7 {[%emt 0:00:51]} 39. Qe2 {[%emt 0:03:44]} Qe8 {[%emt 0:02:11]} 40. Rd1 {[%emt 0:00:06]} Rxd1 {[%emt 0:04:45]} 41. Qxd1 {[%emt 0:30:01]} Qe6 {[%emt 0:30:19]} 42. Qa1 {[%emt 0:01:10]} Qc4 {[%emt 0:04:10]} 43. Kf2 {[%emt 0:00:07]} b4 {[%emt 0:02:16]} 44. cxb4 {[%emt 0:03:00]} Qc2+ {[%emt 0:00:09]} 45. Kg1 {[%emt 0:00:05]} Qd3 {[%emt 0:00:00]} 46. Qf1 {[%emt 0:00:00]} Qd4+ {[%emt 0:00:00]} 47. Qf2 {[%emt 0:00:00]} Qa1+ {[%emt 0:00:00]} 48. Qf1 {[%emt 0:00:00]} Qd4+ {[%emt 0:00:00]} 49. Kg2 {[%emt 0:00:00]} Qxb4 {[%emt 0:00:00]} 50. Qf2 {[%emt 0:00:00]} Nf6 {[%emt 0:00:00]} 51. Qa2 {[%emt 0:00:00]} Ne8 {[%emt 0:00:00]} 52. Nd8 {[%emt 0:00:00]} Qe7 {[%emt 0:00:00]} 53. a7 {[%emt 0:00:00]} Nc7 {[%emt 0:00:00]} 54. a8=Q {[%emt 0:00:00]} Nxa8 {[%emt 0:00:00]} 55. Qxa8 {[%emt 0:00:00]} Qc7 {[%emt 0:00:00]} 56. Qd5 {[%emt 0:00:00]} Qc2+ {[%emt 0:00:00]} 57. Kf1 {[%emt 0:00:00]} Qc1+ {[%emt 0:00:12]} 58. Ke2 {[%emt 0:00:00]} Qc2+ {[%emt 0:00:35]} 59. Qd2 {[%emt 0:00:00]} Qc8 {[%emt 0:01:17]} 60. Kf2 {[%emt 0:00:00]} Qc5+ {[%emt 0:00:58]} 61. Kg2 {[%emt 0:00:00]} Qc8 {[%emt 0:01:52]} 62. Kh2 {[%emt 0:00:00]} Qc7 {[%emt 0:01:08]} 63. g4 {[%emt 0:01:25]} hxg4 {[%emt 0:00:37]} 64. fxg4 {[%emt 0:00:03]} Qe7 {[%emt 0:01:44]} 65. g5 {[%emt 0:01:53]} Qc7 {[%emt 0:00:57]} 66. Qd5 {[%emt 0:00:17]} Qc2+ {[%emt 0:00:28]} 67. Kg3 {[%emt 0:00:17]} Qc3+ {[%emt 0:00:17]} 68. Kg4 {[%emt 0:00:01]} Qc8+ {[%emt 0:01:16]} 69. Ne6+ {[%emt 0:00:55]} fxe6 {[%emt 0:04:14]} 70. Qxe5+ {[%emt 0:00:02]} Kh7 {[%emt 0:00:10]} 71. h5 {[%emt 0:00:08]} gxh5+ {[%emt 0:00:31]} 72. Kxh5 {[%emt 0:00:04]} Qe8+ {[%emt 0:00:31]} 73. Kg4 {[%emt 0:00:04]} Qd7 {[%emt 0:00:33]} 74. Qh2+ {[%emt 0:02:25]} Kg8 {[%emt 0:00:44]} 75. g6 {[%emt 0:00:34]} Qd1+ {[%emt 0:00:01]} 76. Kg5 {[%emt 0:00:17]} Qd8+ {[%emt 0:00:09]} 77. Kh6 {[%emt 0:01:13]} Qf8+ {[%emt 0:00:06]} 78. Kh5 {[%emt 0:00:01]} Qf6 {[%emt 0:02:15]} 79. Qb8+ {[%emt 0:00:20]} Kg7 {[%emt 0:00:01]} 80. Qc7+ {[%emt 0:00:05]} Kg8 {[%emt 0:00:19]} 81. Qf7+ {[%emt 0:00:49]} Qxf7 {[%emt 0:00:06]} 82. gxf7+ {[%emt 0:00:01]} Kxf7 {[%emt 0:00:09]} 83. e5 {[%emt 0:00:02]} Kg7 {[%emt 0:01:56]} 84. Kg5 {[%emt 0:00:02]} Kf7 {[%emt 0:00:31]} 85. Kh6 {[%emt 0:00:01]} Kf8 {[%emt 0:00:13]} 86. Kg6 {[%emt 0:00:03]} Ke7 {[%emt 0:00:31]} 87. Kg7 {[%emt 0:00:01]} Ke8 {[%emt 0:00:33]} 88. Kf6 {[%emt 0:00:02]} Kf8 {[%emt 0:00:47]} 89. Kxe6 {[%emt 0:00:03]} 1-0

[Event "Summer Prague Open A 2020"]
[Site "Prague"]
[Date "2020.08.10"]
[Round "4.3"]
[White "Dietz, Florian"]
[Black "Petr, Martin"]
[Result "0-1"]
[WhiteElo "2262"]
[BlackElo "2464"]
[Annotator "RC"]
[PlyCount "82"]
[EventDate "2020.08.08"]
[EventCountry "CZE"]
[SourceTitle "playchess.com"]
[Source "ChessBase"]
[SourceQuality "1"]
[TimeControl "40/5400+30:1800+30"]

1. e4 {[%emt 0:00:00]} e6 {[%emt 0:02:21]} 2. d4 {[%emt 0:00:00]} d5 {[%emt 0:01:44]} 3. Nd2 {[%emt 0:00:07]} c5 {[%emt 0:00:17]} 4. exd5 {[%emt 0:01:10]} exd5 {[%emt 0:00:28]} 5. Ngf3 {[%emt 0:01:21]} a6 {[%emt 0:00:09]} 6. dxc5 {[%emt 0:08:20]} Bxc5 {[%emt 0:00:04]} 7. Nb3 {[%emt 0:00:22]} Bb6 {[%emt 0:00:27]} 8. Bd3 {[%emt 0:03:21]} Qe7+ {[%emt 0:00:17]} 9. Qe2 {[%emt 0:02:17]} Nc6 {[%emt 0:02:27]} 10. Bg5 {[%emt 0:05:33]} Qxe2+ {[%emt 0:01:06]} 11. Bxe2 {[%emt 0:01:14]} h6 {[%emt 0:00:47]} 12. Bf4 {[%emt 0:05:04]} Nge7 {[%emt 0:05:06]} 13. c3 {[%emt 0:05:10]} Bg4 {[%emt 0:01:04]} 14. Rd1 {[%emt 0:02:52]} O-O {[%emt 0:01:54]} 15. O-O {[%emt 0:01:11]} Rfe8 {[%emt 0:00:14]} 16. Rfe1 {[%emt 0:04:35]} Ng6 {[%emt 0:03:00]} 17. Bg3 {[%emt 0:00:33]} Rad8 {[%emt 0:04:00]} 18. Kf1 {[%emt 0:06:06]} Nge7 {[%emt 0:08:25]} 19. Be5 {[%emt 0:22:54]} Nf5 {[%emt 0:13:43]} 20. Bd4 {[%emt 0:01:34]} Nfxd4 {[%emt 0:00:21]} 21. Nfxd4 {[%emt 0:00:34]} Bc8 {[%emt 0:01:28]} 22. Nf3 {[%emt 0:12:46]} Bc7 {[%emt 0:07:32]} 23. h3 {[%emt 0:02:15]} g6 {[%emt 0:06:21]} 24. Bd3 {[%emt 0:01:20]} Rxe1+ {[%emt 0:00:07]} 25. Rxe1 {[%emt 0:01:10]} Kg7 {[%emt 0:00:04]} 26. Bc2 {[%emt 0:01:26]} Kf6 {[%emt 0:00:21]} 27. Rd1 {[%emt 0:01:44]} h5 {[%emt 0:04:20]} 28. Nbd4 {[%emt 0:04:01]} Na5 {[%emt 0:00:37]} 29. Bb1 {[%emt 0:01:59]} Nc4 {[%emt 0:10:48]} 30. b3 {[%emt 0:00:08]} Nd6 {[%emt 0:00:11]} 31. Ne2 {[%emt 0:01:20]} Ne4 {[%emt 0:08:57]} 32. c4 {[%emt 0:02:44]} Be6 {[%emt 0:00:45]} 33. cxd5 {[%emt 0:00:41]} Bxd5 {[%emt 0:01:50]} 34. b4 {[%emt 0:00:32]} Bc6 {[%emt 0:05:36]} 35. Rc1 {[%emt 0:00:20]} Nd2+ {[%emt 0:04:09]} 36. Nxd2 {[%emt 0:00:04]} Rxd2 {[%emt 0:00:03]} 37. Ke1 {[%emt 0:00:42]} Rb2 {[%emt 0:00:03]} 38. a3 {[%emt 0:00:40]} Bb6 {[%emt 0:01:49]} 39. f3 {[%emt 0:00:42]} Be3 {[%emt 0:01:30]} 40. Rxc6+ bxc6 {[%emt 0:00:09]} 41. Be4 {[%emt 0:31:03]} Ra2 {[%emt 0:33:11]} 0-1

[Event "Summer Prague Open A 2020"]
[Site "Prague"]
[Date "2020.08.10"]
[Round "4.4"]
[White "Kasioumis, Vasilios"]
[Black "Schnider, Gert"]
[Result "1-0"]
[WhiteElo "2277"]
[BlackElo "2423"]
[Annotator "ChessBase"]
[PlyCount "71"]
[EventDate "2020.08.08"]
[EventCountry "CZE"]
[SourceTitle "playchess.com"]
[Source "ChessBase"]
[SourceQuality "1"]
[TimeControl "40/5400+30:1800+30"]

1. e4 {[%emt 0:00:00]} e5 {[%emt 0:00:00]} 2. Nf3 {[%emt 0:00:00]} Nc6 {[%emt 0:00:00]} 3. Bc4 {[%emt 0:00:00]} Bc5 {[%emt 0:00:00]} 4. Nc3 {[%emt 0:00:00]} Nf6 {[%emt 0:00:00]} 5. d3 {[%emt 0:00:00]} d6 {[%emt 0:00:16]} 6. Na4 {[%emt 0:00:00]} a6 {[%emt 0:01:54]} 7. Nxc5 {[%emt 0:00:06]} dxc5 {[%emt 0:00:02]} 8. a4 {[%emt 0:02:29]} O-O {[%emt 0:01:59]} 9. h3 {[%emt 0:03:44]} Qd6 {[%emt 0:00:35]} 10. Be3 {[%emt 0:01:30]} b6 {[%emt 0:02:04]} 11. O-O {[%emt 0:00:16]} Be6 {[%emt 0:00:31]} 12. Nd2 {[%emt 0:00:07]} Na5 {[%emt 0:03:17]} 13. Bxe6 {[%emt 0:03:51]} Qxe6 {[%emt 0:00:07]} 14. b3 {[%emt 0:04:34]} Rad8 {[%emt 0:08:27]} 15. f4 {[%emt 0:10:24]} exf4 {[%emt 0:00:25]} 16. Bxf4 {[%emt 0:02:06]} Rd7 {[%emt 0:00:09]} 17. Bg5 {[%emt 0:03:13]} Ne8 {[%emt 0:00:53]} 18. Qh5 {[%emt 0:05:26]} Nc6 {[%emt 0:08:48]} 19. Nc4 {[%emt 0:03:20]} Nd4 {[%emt 0:00:58]} 20. Ne3 {[%emt 0:04:25]} a5 {[%emt 0:02:26]} 21. Rae1 {[%emt 0:14:06]} Qe5 {[%emt 0:17:33]} 22. Qg4 {[%emt 0:03:14]} Qe6 {[%emt 0:00:18]} 23. Qd1 {[%emt 0:02:51]} f6 {[%emt 0:04:32]} 24. Bf4 {[%emt 0:02:13]} Nd6 {[%emt 0:00:01]} 25. Rf2 {[%emt 0:01:49]} Nf7 {[%emt 0:00:13]} 26. Nd5 {[%emt 0:02:57]} Ne5 {[%emt 0:00:49]} 27. c3 {[%emt 0:00:42]} Ndc6 {[%emt 0:08:23]} 28. d4 {[%emt 0:00:34]} cxd4 {[%emt 0:00:34]} 29. cxd4 {[%emt 0:00:51]} Nb4 {[%emt 0:12:41]} 30. dxe5 {[%emt 0:05:02]} fxe5 {[%emt 0:00:05]} 31. Rd2 {[%emt 0:00:47]} exf4 {[%emt 0:02:29]} 32. Nf6+ {[%emt 0:00:06]} Qxf6 {[%emt 0:01:28]} 33. Rxd7 {[%emt 0:00:06]} f3 {[%emt 0:01:38]} 34. Qxf3 {[%emt 0:04:39]} Qb2 {[%emt 0:02:22]} 35. Qg3 {[%emt 0:01:17]} Nc2 {[%emt 0:00:05]} 36. Red1 {[%emt 0:00:53]} 1-0